[Event "Ponte de Lima op"]
[Site "Ponte de Lima"]
[Date "2024.04.10"]
[Round "3"]
[White "Petrov, Nikita"]
[Black "Wang, Minqing"]
[Result "1-0"]
[WhiteElo "2562"]
[BlackElo "1942"]
[PlyCount "111"]
[EventDate "2024.04.09"]
[EventType "swiss"]
[EventRounds "9"]
[EventCountry "POR"]
[SourceTitle "CB17_2024"]
[SourceDate "2024.04.24"]
[SourceVersion "1"]
[SourceVersionDate "2024.04.24"]
[SourceQuality "1"]

1. e4 c5 2. Ne2 Nc6 3. Nbc3 g6 4. d4 cxd4 5. Nxd4 Bg7 6. Be3 Nf6 7. Bc4 d6 8. f3 Bd7 9. Qd2 h5 10. Bb3 a6 11. 0-0 Qa5 12. Rad1 Rc8 13. Qf2 h4 14. Nde2 Qe5 15. Nd5 h3 16. g4 Be6 17. Nec3 g5 18. Nb6 Bxb3 19. axb3 Rb8 20. Ncd5 Rh4 21. Nc4 Nxg4 22. Qe2 Qxh2+ 23. Qxh2 Nxh2 24. Kxh2 b5 25. Nxe7 Nxe7 26. Nxd6+ Kf8 27. Bxg5 Rh5 28. Bxe7+ Kxe7 29. Nf5+ Kf8 30. Nxg7 Kxg7 31. Rg1+ Kf6 32. Rg3 Rc5 33. c3 b4 34. c4 a5 35. Rd5 Rc6 36. Rxa5 Rd8 37. Rd5 Ra8 38. Kxh3 Rh8+ 39. Kg2 Ke7 40. Re5+ Kd7 41. Rb5 Rch6 42. Kf2 Rh1 43. Rg2 Rc1 44. Ke3 Re1+ 45. Re2 Rf1 46. Rb7+ Ke6 47. Rb6+ Ke7 48. Rxb4 Rh3 49. Rf2 Re1+ 50. Kd2 Rhh1 51. Rb6 Kd7 52. Kc3 Rc1+ 53. Kb4 Rh8 54. Rd2+ Kc7 55. Rf6 Rf8 56. Kc5 1-0

[Event "Leca da Palmeira 2nd"]
[Site "Leca da Palmeira"]
[Date "2023.08.06"]
[Round "9"]
[White "Almeida, Francisco Nunes Vie"]
[Black "Wang, Minqing"]
[Result "0-1"]
[WhiteElo "1860"]
[BlackElo "1923"]
[PlyCount "102"]
[EventDate "2023.07.31"]
[EventType "swiss"]
[EventRounds "9"]
[EventCountry "POR"]
[SourceTitle "CBM 215 Extra"]
[Source "ChessBase"]
[SourceDate "2023.09.30"]
[SourceVersion "1"]
[SourceVersionDate "2023.09.30"]
[SourceQuality "1"]

1. e4 c6 2. d4 g6 3. Nf3 Bg7 4. Bd3 d5 5. e5 c5 6. c3 Nc6 7. h3 Qb6 8. a3 Bd7 9. dxc5 Qxc5 10. Be3 Qa5 11. Bf4 f6 12. Qe2 fxe5 13. Nxe5 Nd4 14. Qd1 Ne6 15. Bg3 Nf6 16. Nxd7 Nxd7 17. 0-0 0-0 18. Qg4 Qb6 19. b4 Nf6 20. Qe2 Nh5 21. Be5 Nef4 22. Bxf4 Nxf4 23. Qd2 e5 24. Ra2 Qf6 25. Kh2 e4 26. Be2 Qg5 27. g3 Be5 28. Re1 Rad8 29. Bf1 Qh5 30. Qe3 b6 31. Nd2 Ne6 32. Bg2 Ng5 33. c4 d4 34. Qe2 Qxe2 35. Rxe2 d3 36. Re1 Rxf2 37. h4 Bc3 38. hxg5 Rxd2 39. Rxd2 Bxd2 40. Rxe4 Bxg5 41. Bf3 d2 42. Re5 h6 43. Rd5 Re8 44. Kg2 Re3 45. a4 Rc3 46. Rd6 Kf8 47. Rd4 Rc2 48. Kf1 Be7 49. b5 Rc1+ 50. Ke2 Bg5 51. g4 Re1+ 0-1